00494nam a22001817a 4500003001100000005001700011008004100028020001500069040003900084041000800123082001300131100002100144110001800165245001600183260005900199300003400258650002000292LK-CoMWRAF20231230104105.0231030b |||||||| |||| 00| 0 eng d a0140433880 aLK-CoMWRAFdLK-CoMWRAFeLK-CoMWRAF aeng a823bNEA aNeale, Catherine aEliot, George aMiddlemarch aNew York : Penguin Books, 1994.bPenguin books, c1994 a xxiv, 852 p. : ill. ; 20 cm. aEnglish Fiction